| 000 | 00855nam a22002897a 4500 | ||
|---|---|---|---|
| 001 | BR8801381 | ||
| 003 | BR-BrBNA | ||
| 005 | 20230928092847.0 | ||
| 007 | ta | ||
| 008 | 230509b bl.||||| |||| 00| 0 por d | ||
| 040 |
_aBR-BrBNA _bpor _cBiblioteca Nacional de Agricultura |
||
| 041 | _a(Por) | ||
| 072 |
_aE70; Q02; E16 _b8520 |
||
| 090 | _ 8520 BR8801381 | ||
| 110 | 1 |
_aAssociacao Brasileira dos Criadores de Ras, Sao Paulo, SP (Brasil) _9345 |
|
| 245 | 1 | _aResumo 4. Legislacao, mercado interno e externo, abate e processamento da carne e da pele, faturamento, custos | |
| 260 | 3 |
_aSao Paulo, SP (Brasil): _c1987. |
|
| 300 | _a55 p. | ||
| 500 | _aSummary only | ||
| 650 | _aRA | ||
| 650 | _aCARNE | ||
| 650 | _aABATE | ||
| 650 | _aCOMERCIO INTERNO | ||
| 650 | _aCOMERCIO EXTERIOR | ||
| 909 |
_a202309 _bLucia _c55 _dLucia Elande |
||
| 942 | _cBK | ||
| 999 |
_c41622 _d41622 |
||